Analysis constants for database of neutron nuclear data; IOP Conference Series: Materials Science and Engineering; Vol. 135 : Issues of Physics and Technology in Science, Industry and Medicine
| Parent link: | IOP Conference Series: Materials Science and Engineering Vol. 135 : Issues of Physics and Technology in Science, Industry and Medicine.— 2016.— [012004, 6 p.] |
|---|---|
| Institution som forfatter: | |
| Andre forfattere: | , , , |
| Summary: | Title screen At present there is a variety of experimental and calculation nuclear data which arerather entirely presented in the following evaluated nuclear data libraries: ENDF (USA), JEFF(Europe), JENDL (Japan), TENDL (Russian Federation), ROSFOND (Russian Federation).Libraries of nuclear data, used for neutron-physics calculations in programs: Scale (OrigenArp),MCNP, WIMS, MCU, and others. Nevertheless all existing nuclear data bases, includingevaluated ones, contain practically no information about threshold neutron reactions on {232}Thnuclei; available values of outputs and cross-sections significantly differ by orders. The workshows necessity of nuclear constants corrections which are used in the calculations of grids andthorium storage systems. The results of numerical experiments lattices and storage systemswith thorium. |
| Sprog: | engelsk |
| Udgivet: |
2016
|
| Fag: | |
| Online adgang: | http://dx.doi.org/10.1088/1757-899X/135/1/012004 http://earchive.tpu.ru/handle/11683/34830 |
| Format: | Electronisk Book Chapter |
| KOHA link: | https://koha.lib.tpu.ru/cgi-bin/koha/opac-detail.pl?biblionumber=650257 |
MARC
| LEADER | 00000nla2a2200000 4500 | ||
|---|---|---|---|
| 001 | 650257 | ||
| 005 | 20251031111521.0 | ||
| 035 | |a (RuTPU)RU\TPU\network\15469 | ||
| 035 | |a RU\TPU\network\15467 | ||
| 090 | |a 650257 | ||
| 100 | |a 20160928a2016 k y0engy50 ba | ||
| 101 | 0 | |a eng | |
| 102 | |a GB | ||
| 105 | |a y z 100zy | ||
| 135 | |a drgn ---uucaa | ||
| 181 | 0 | |a i | |
| 182 | 0 | |a b | |
| 200 | 1 | |a Analysis constants for database of neutron nuclear data |f S. V. Bedenko [et al.] | |
| 203 | |a Text |c electronic | ||
| 300 | |a Title screen | ||
| 320 | |a [References: 14 tit.] | ||
| 330 | |a At present there is a variety of experimental and calculation nuclear data which arerather entirely presented in the following evaluated nuclear data libraries: ENDF (USA), JEFF(Europe), JENDL (Japan), TENDL (Russian Federation), ROSFOND (Russian Federation).Libraries of nuclear data, used for neutron-physics calculations in programs: Scale (OrigenArp),MCNP, WIMS, MCU, and others. Nevertheless all existing nuclear data bases, includingevaluated ones, contain practically no information about threshold neutron reactions on {232}Thnuclei; available values of outputs and cross-sections significantly differ by orders. The workshows necessity of nuclear constants corrections which are used in the calculations of grids andthorium storage systems. The results of numerical experiments lattices and storage systemswith thorium. | ||
| 461 | 0 | |0 (RuTPU)RU\TPU\network\2008 |t IOP Conference Series: Materials Science and Engineering | |
| 463 | 0 | |0 (RuTPU)RU\TPU\network\15011 |t Vol. 135 : Issues of Physics and Technology in Science, Industry and Medicine |o VIII International Scientific Conference, 1–3 June 2016, Tomsk, Russia |o [proceedings] |v [012004, 6 p.] |d 2016 | |
| 610 | 1 | |a электронный ресурс | |
| 610 | 1 | |a труды учёных ТПУ | |
| 610 | 1 | |a базы данных | |
| 610 | 1 | |a данные | |
| 610 | 1 | |a ядерные данные | |
| 610 | 1 | |a нейтронно-физические расчеты | |
| 610 | 1 | |a нейтронные реакции | |
| 610 | 1 | |a торий | |
| 701 | 1 | |a Bedenko |b S. V. |c physicist |c Associate Professor of Tomsk Polytechnic University, Candidate of physical and mathematical sciences |f 1980- |g Sergey Vladimirovich |3 (RuTPU)RU\TPU\pers\30831 |9 15078 | |
| 701 | 1 | |a Joseph Jeremiah |b J. | |
| 701 | 1 | |a Knyshev |b V. V. |c physicist |c engineer-researcher of Tomsk Polytechnic University |f 1993- |g Vladimir Vladimirovich |3 (RuTPU)RU\TPU\pers\37379 |9 20297 | |
| 701 | 1 | |a Shamanin |b I. V. |c specialist in the field of nuclear physics |c Professor of Tomsk Polytechnic University, Doctor of physical and mathematical sciences |c specialist in the field of nuclear power engineering |f 1962- |g Igor Vladimirovich |3 (RuTPU)RU\TPU\pers\30832 | |
| 712 | 0 | 2 | |a Национальный исследовательский Томский политехнический университет |c (2009- ) |9 26305 |
| 801 | 2 | |a RU |b 63413507 |c 20170120 |g RCR | |
| 850 | |a 63413507 | ||
| 856 | 4 | |u http://dx.doi.org/10.1088/1757-899X/135/1/012004 | |
| 856 | 4 | |u http://earchive.tpu.ru/handle/11683/34830 | |
| 942 | |c CF | ||